[Event "Basarrate Memorial"]
[Site "Havana"]
[Date "2009.11.20"]
[Round "15"]
[White "Garcia de Paz, Oslan"]
[Black "Casal Roses, Alfredo"]
[Result "1-0"]
[WhiteElo "2232"]
[BlackElo "2212"]
[PlyCount "85"]
[EventDate "2009.11.08"]
[EventType "tourn"]
[EventRounds "18"]
[EventCountry "CUB"]
[SourceTitle "EXT 2011"]
[Source "ChessBase"]
[SourceDate "2010.11.26"]
[SourceVersion "1"]
[SourceVersionDate "2010.11.26"]
[SourceQuality "1"]

1. e4 e5 2. Nf3 Nc6 3. Bc4 d6 4. d4 Be7 5. dxe5 dxe5 6. Qxd8+ Bxd8 7. Nc3 Nf6 8. Be3 0-0 9. Bc5 Re8 10. Ng5 Be6 11. Nxe6 fxe6 12. Bb5 Nd7 13. Bxc6 bxc6 14. Ba3 Nb6 15. b3 Be7 16. Bxe7 Rxe7 17. 0-0-0 c5 18. Rd2 c4 19. b4 Rd7 20. Rxd7 Nxd7 21. Rd1 Nf6 22. f3 Kf7 23. a4 a6 24. Kb2 Rb8 25. Ka3 Ke7 26. a5 Nd7 27. Na4 h6 28. Nb2 c5 29. c3 cxb4+ 30. cxb4 Rc8 31. Rc1 c3 32. Na4 c2 33. Kb3 Nb8 34. Rxc2 Rxc2 35. Kxc2 Nc6 36. Kb3 Nd4+ 37. Kc4 Nc2 38. Nc5 Ne3+ 39. Kc3 Nxg2 40. Nxa6 Ne1 41. Nc5 Nxf3 42. b5 Kd6 43. a6 1-0

[Event "Basarrate Memorial"]
[Site "Havana"]
[Date "2009.11.19"]
[Round "13"]
[White "Garcia de Paz, Oslan"]
[Black "Bueno Fortuna, Francisco"]
[Result "1-0"]
[WhiteElo "2232"]
[BlackElo "2222"]
[PlyCount "107"]
[EventDate "2009.11.08"]
[EventType "tourn"]
[EventRounds "18"]
[EventCountry "CUB"]
[SourceTitle "EXT 2011"]
[Source "ChessBase"]
[SourceDate "2010.11.26"]
[SourceVersion "1"]
[SourceVersionDate "2010.11.26"]
[SourceQuality "1"]

1. e4 e5 2. Nf3 Nc6 3. d4 exd4 4. Nxd4 Bc5 5. Be3 Qf6 6. c3 Nge7 7. Bc4 Ne5 8. Be2 Qg6 9. 0-0 d6 10. f3 0-0 11. Kh1 d5 12. Nd2 dxe4 13. fxe4 Bg4 14. Bf4 Bxe2 15. Qxe2 Bd6 16. Nb5 N7c6 17. Nxd6 Qxd6 18. Nc4 Qe7 19. Ne3 Rae8 20. Nd5 Qd8 21. Rad1 Qc8 22. b4 a6 23. a4 f6 24. b5 axb5 25. axb5 Ne7 26. Bxe5 fxe5 27. Rxf8+ Kxf8 28. Qh5 Nxd5 29. Rxd5 Kg8 30. Rxe5 Rxe5 31. Qxe5 c6 32. b6 Qd8 33. Qd4 Qh4 34. g3 Qe7 35. c4 h6 36. c5 g5 37. e5 Qe6 38. g4 Kf7 39. Kg1 Ke8 40. Qe4 Qb3 41. Qg6+ Ke7 42. Qd6+ Kf7 43. Qd7+ Kf8 44. Qc8+ Ke7 45. Qxb7+ Kf8 46. Qc8+ Kg7 47. Qd7+ Kg8 48. Qd8+ Kg7 49. Qf6+ Kg8 50. Qg6+ Kf8 51. Qxh6+ Kg8 52. Qxg5+ Kf8 53. Qf6+ Kg8 54. Qxc6 1-0

[Event "Basarrate Memorial"]
[Site "Havana"]
[Date "2009.11.16"]
[Round "9"]
[White "Garcia de Paz, Oslan"]
[Black "Fernandez Fernandez, German"]
[Result "1/2-1/2"]
[WhiteElo "2232"]
[BlackElo "2304"]
[PlyCount "39"]
[EventDate "2009.11.08"]
[EventType "tourn"]
[EventRounds "18"]
[EventCountry "CUB"]
[SourceTitle "EXT 2011"]
[Source "ChessBase"]
[SourceDate "2010.11.26"]
[SourceVersion "1"]
[SourceVersionDate "2010.11.26"]
[SourceQuality "1"]

1. e4 e5 2. Nf3 Nc6 3. Bb5 Nf6 4. 0-0 Nxe4 5. Re1 Nf6 6. Nxe5 Be7 7. d4 0-0 8. Nc3 a6 9. Bxc6 dxc6 10. Bg5 Re8 11. Qd3 h6 12. Bxf6 Bxf6 13. Rad1 Be6 14. Ne4 Bxe5 15. dxe5 Qxd3 16. Rxd3 Rad8 17. Nc5 Rxd3 18. Nxd3 Bf5 19. Kf1 Rd8 20. Re3 1/2-1/2

[Event "Basarrate Memorial"]
[Site "Havana"]
[Date "2009.11.14"]
[Round "7"]
[White "Garcia de Paz, Oslan"]
[Black "Diaz Rosario, Roberto Santiago"]
[Result "1-0"]
[WhiteElo "2232"]
[BlackElo "2225"]
[PlyCount "111"]
[EventDate "2009.11.08"]
[EventType "tourn"]
[EventRounds "18"]
[EventCountry "CUB"]
[SourceTitle "EXT 2011"]
[Source "ChessBase"]
[SourceDate "2010.11.26"]
[SourceVersion "1"]
[SourceVersionDate "2010.11.26"]
[SourceQuality "1"]

1. e4 e5 2. Nf3 Nc6 3. Bc4 Nf6 4. Ng5 d5 5. exd5 Na5 6. Bb5+ c6 7. dxc6 bxc6 8. Be2 h6 9. Nf3 e4 10. Ne5 Bd6 11. d4 exd3 12. Nxd3 Qc7 13. b3 0-0 14. Bb2 Re8 15. h3 Ne4 16. 0-0 Qe7 17. Nc3 Nxc3 18. Bxc3 Qxe2 19. Bxa5 Bf5 20. Re1 Qxd1 21. Raxd1 Rxe1+ 22. Rxe1 Rb8 23. Bc3 f6 24. g4 Bxd3 25. cxd3 Kf7 26. Re4 Rb7 27. f4 g6 28. Kf2 f5 29. gxf5 gxf5 30. Rc4 c5 31. Kg3 Ke6 32. d4 Kd5 33. dxc5 Bxc5 34. Kh4 Rb6 35. Kh5 Ra6 36. Be5 Rxa2 37. Kxh6 Rh2 38. Rc3 Bb4 39. Rd3+ Ke6 40. Kh5 Rg2 41. Bc7 a6 42. Re3+ Kf6 43. Bd8+ Kf7 44. Re5 Rg3 45. h4 Rxb3 46. Rxf5+ Ke6 47. Kg6 Rd3 48. Bf6 Rg3+ 49. Rg5 Rf3 50. f5+ Kd7 51. h5 Bd2 52. Rg2 Bf4 53. Bg7 a5 54. h6 Bxh6 55. Bxh6 Ke7 56. Re2+ 1-0

[Event "Basarrate Memorial"]
[Site "Havana"]
[Date "2009.11.10"]
[Round "3"]
[White "Garcia de Paz, Oslan"]
[Black "Alarcon Casellas, Rolando"]
[Result "1/2-1/2"]
[WhiteElo "2232"]
[BlackElo "2399"]
[PlyCount "80"]
[EventDate "2009.11.08"]
[EventType "tourn"]
[EventRounds "18"]
[EventCountry "CUB"]
[SourceTitle "EXT 2011"]
[Source "ChessBase"]
[SourceDate "2010.11.26"]
[SourceVersion "1"]
[SourceVersionDate "2010.11.26"]
[SourceQuality "1"]

1. e4 Nf6 2. e5 Nd5 3. d4 d6 4. c4 Nb6 5. exd6 exd6 6. Nc3 Be7 7. Bd3 0-0 8. Nge2 Nc6 9. 0-0 Bf6 10. b3 Bg4 11. Be3 Re8 12. Qd2 Nb4 13. Bb1 c5 14. a3 Nc6 15. Ra2 Nd7 16. h3 Bxe2 17. Nxe2 cxd4 18. Nxd4 Nxd4 19. Bxd4 Bxd4 20. Qxd4 Nf6 21. Rd1 Qa5 22. b4 Qa6 23. Qf4 Rad8 24. Bd3 Qa4 25. Qf3 Re5 26. Rad2 Qc6 27. Qxc6 bxc6 28. Bf1 d5 29. Rd4 Rde8 30. g4 h6 31. Bg2 Re1+ 32. Rxe1 Rxe1+ 33. Kh2 Re2 34. cxd5 cxd5 35. Bxd5 Nxd5 36. Rxd5 Rxf2+ 37. Kg3 Rc2 38. Rd3 Kf8 39. Re3 f6 40. Kf4 Kf7 1/2-1/2